Estudios sobre la publicidad en el derecho privado / (Record no. 81481)

MARC details
000 -LEADER
campo de control de longitud fija 01017nam a2200217 4500
001 - NÚMERO DE CONTROL
campo de control 81481
003 - IDENTIFICADOR DE NÚMERO DE CONTROL
campo de control ES-MaACL
005 - FECHA Y HORA DE LA ÚLTIMA TRANSACCIÓN
campo de control 20230906174439.0
007 - CAMPO FIJO DE DESCRIPCIÓN FÍSICA--INFORMACIÓN GENERAL
campo de control de longitud fija t|
008 - DATOS DE LONGITUD FIJA--INFORMACIÓN GENERAL
campo de control de longitud fija 041104s1919 sp ||||1| spa d
100 1# - ENTRADA PRINCIPAL--NOMBRE DE PERSONA
Nombre de persona Huber, Eugen.
9 (RLIN) 64482
245 10 - MENCIÓN DEL TÍTULO
Título Estudios sobre la publicidad en el derecho privado /
Mención de responsabilidad, etc. por Eugenio Huber ; traducción y notas de Enrique R. Ramos.
260 ## - PUBLICACIÓN, DISTRIBUCIÓN, ETC.
Lugar de publicación, distribución, etc. Madrid :
Nombre del editor, distribuidor, etc. Junta para Ampliación de Estudios e Investigaciones Científicas, Centro de Estudios Históricos,
Fecha de publicación, distribución, etc. 1919 (
Fabricante Estanislao Maestre)
300 ## - DESCRIPCIÓN FÍSICA
Extensión 140 p. ;
Dimensiones 23 cm.
505 8# - NOTA DE CONTENIDO CON FORMATO
Nota de contenido con formato Contiene: V. I: Los derechos reales en el Derecho Privado suizo. -- V. II: Los preceptos de forma en el Derecho Privado suizo
594 ## - Nota al título y mención de responsabilidad
Nota al título y mención de responsabilidad Precede al tít.: Junta para ampliación de estudios e investigaciones científicas. Centro de Estudios Histórico s.
650 #4 - PUNTO DE ACCESO ADICIONAL DE MATERIA--TÉRMINO DE MATERIA
Término de materia o nombre geográfico como elemento de entrada Derecho civil-
Subdivisión geográfica Suiza.
9 (RLIN) 163297
700 1# - ENTRADA AGREGADA--NOMBRE PERSONAL
Nombre de persona Ramos Ramos, Enrique.
9 (RLIN) 95348
710 2# - ENTRADA AGREGADA--NOMBRE DE ENTIDAD CORPORATIVA
Nombre de entidad corporativa o nombre de jurisdicción como elemento de entrada Centro de Estudios Históricos (1910-1939)
9 (RLIN) 2638
852 ## - LOCALIZACIÓN
Ubicación ES-MaACL
Número de control de estantería B-13378
Holdings
Estatus retirado Estado de pérdida Estado de daño No para préstamo Biblioteca de origen Biblioteca actual Ubicación en estantería Fecha de adquisición Fuente de adquisición Total de préstamos Signatura topográfica completa Código de barras Visto por última vez Precio de reemplazo Tipo de ítem Koha
        Biblioteca del Ateneo de Madrid Biblioteca del Ateneo de Madrid Sala Pardo Bazán 17/01/2008     B-13378 1085173 23/02/2023 23/02/2023 Libro impreso